[Event "Lublin Union rapid op 7th"]
[Site "Lublin"]
[Date "2015.06.26"]
[Round "1"]
[White "Dziuba, Marcin"]
[Black "Panchyshyn, Taras"]
[Result "1-0"]
[WhiteElo "2564"]
[BlackElo "2143"]
[PlyCount "26"]
[EventDate "2015.06.26"]
[EventType "swiss (rapid)"]
[EventRounds "7"]
[EventCountry "POL"]
[SourceTitle "CBM 167 Extra"]
[Source "ChessBase"]
[SourceDate "2015.09.14"]
[SourceVersion "1"]
[SourceVersionDate "2015.09.14"]
[SourceQuality "1"]

1. d4 Nf6 2. c4 g6 3. Nc3 d5 4. Bf4 Bg7 5. e3 c5 6. dxc5 Qa5 7. Qc2 dxc4 8. Bxc4 Nc6 9. Nf3 0-0 10. Rc1 Qxc5 11. Nb5 Qb6 12. Bc7 Qa6 13. Nd6 b5 1-0

[Event "Lublin Union rapid op 7th"]
[Site "Lublin"]
[Date "2015.06.26"]
[Round "3"]
[White "Panchyshyn, Taras"]
[Black "Topolan, Agata"]
[Result "1-0"]
[WhiteElo "2143"]
[BlackElo "1746"]
[PlyCount "81"]
[EventDate "2015.06.26"]
[EventType "swiss (rapid)"]
[EventRounds "7"]
[EventCountry "POL"]
[SourceTitle "CBM 167 Extra"]
[Source "ChessBase"]
[SourceDate "2015.09.14"]
[SourceVersion "1"]
[SourceVersionDate "2015.09.14"]
[SourceQuality "1"]

1. e4 e5 2. Nf3 Nc6 3. Bc4 Nf6 4. Ng5 d5 5. exd5 Na5 6. Bb5+ c6 7. dxc6 bxc6 8. Qf3 Qd5 9. Qxd5 Nxd5 10. Ba4 Bd7 11. d3 Bc5 12. Nc3 Nxc3 13. bxc3 0-0 14. Ne4 Be7 15. Be3 Nb7 16. Rb1 Rfb8 17. Nd2 Nc5 18. Bb3 Nxb3 19. axb3 Be6 20. Ke2 f5 21. f3 a5 22. Ra1 g5 23. Ra4 Ra6 24. Bf2 h6 25. Bg3 f4 26. Bf2 Bd5 27. Ne4 Bxe4 28. dxe4 c5 29. Rd1 Rd6 30. Rxa5 Rxd1 31. Kxd1 Rc8 32. Ke2 Kf7 33. Ra6 Kg7 34. Re6 Bf6 35. Rd6 Be7 36. Rd5 Kf6 37. Kd3 h5 38. Kc4 g4 39. Bh4+ Ke6 40. Bxe7 Kxe7 41. Rxe5+ 1-0

[Event "Novoyavorivsk-ch"]
[Site "Novoyavorivsk"]
[Date "2013.10.06"]
[Round "7"]
[White "Panchyshyn, Taras"]
[Black "Omelja, Artem"]
[Result "1/2-1/2"]
[WhiteElo "2128"]
[BlackElo "2253"]
[PlyCount "60"]
[EventDate "2013.10.03"]
[EventType "tourn"]
[EventRounds "9"]
[EventCountry "UKR"]
[EventCategory "2"]
[SourceTitle "EXT 2014"]
[Source "ChessBase"]
[SourceDate "2013.11.20"]
[SourceVersion "1"]
[SourceVersionDate "2013.11.20"]
[SourceQuality "1"]

1. d4 d5 2. c4 c6 3. cxd5 cxd5 4. Nc3 Nf6 5. Nf3 Nc6 6. Bf4 Bf5 7. e3 e6 8. Bd3 Bxd3 9. Qxd3 Bd6 10. Bxd6 Qxd6 11. 0-0 0-0 12. Rac1 Rac8 13. h3 h6 14. Rfd1 a6 15. Na4 Nd7 16. Qd2 Ne7 17. Rxc8 Rxc8 18. Rc1 Rxc1+ 19. Qxc1 Qc6 20. Qxc6 Nxc6 21. a3 f6 22. Kf1 Kf7 23. Ke2 e5 24. Nc3 Ke6 25. Kd2 e4 26. Ne1 f5 27. f3 Ne7 28. g4 g6 29. fxe4 fxe4 30. Ng2 g5 1/2-1/2